| 000 | 01096nam a2200349Li 4500 | ||
|---|---|---|---|
| 001 | 94001 | ||
| 005 | 20230410132831.0 | ||
| 008 | 960702s1993 mx a 000 0 spa d | ||
| 035 | _a(OCoLC)ocn468209244 | ||
| 040 |
_aBDF _bfre _cBDF |
||
| 016 | 7 |
_aFRBNF374526230000001 _2FrPBN |
|
| 020 | _a9682318750 (br) | ||
| 020 | _a9789682318757 (br) | ||
| 035 | _a(OCoLC)468209244 | ||
| 082 | 1 |
_a320.972 _222 |
|
| 082 | 1 |
_a972.083 5 _222 |
|
| 049 | _aGRAL | ||
| 050 | 1 | 4 | _a1erAPT1erB732s 1993 |
| 100 | 1 |
_aBorge, Tomás. _4aut |
|
| 245 | 1 | 0 |
_aSalinas : _blos dilemas de la modernidad / _cTomás Borge. |
| 260 |
_aMéxico : _bSiglo veintiuno ed., _c1993. |
||
| 300 |
_a230 p. de pl. : _bphotogr., couv. ill. en coul. ; _c20 cm. |
||
| 490 | 0 | _aHistoria inmediata | |
| 500 | _aIndex. | ||
| 600 | 1 | 7 |
_aSalinas de Gortari, Carlos, _d1948-.... _xBiographies. _2ram |
| 651 | 7 |
_aMexique _xPolitique et gouvernement _y1988-2000. _2ram |
|
| 760 | 0 |
_tHistoria inmediata, _d1993 _w(FrPBN)34242219 |
|
| 886 | 1 |
_2intermrc _a009 _bax-d-------a------- |
|
| 942 | _2lcc | ||
| 946 | _amfcruz | ||
| 994 |
_aC0 _bDRFGD |
||
| 999 |
_c88571 _d88571 |
||